000 00596nam a2200205Ia 4500
003 GCL
008 140319s9999 xx 000 0 eng d
040 _aGCL /
_cGCL
082 0 4 _a941.08
_bM C
100 1 _aMERSHALL, P.J
245 1 0 _aTHE CAMBRIDGE ILLUSTRATED HISTORY OF THE BRITISH EMPIRE /
_cMERSHALL, P.J
260 _a[S.N] :
_bCAMBRIDGE UNIVERSITY PRESS ،
_c1996
300 _a400 P
650 0 4 _aHISTRY, AND CRITICISM
650 0 4 _aCOMMON WEALTH COUNTRIES
650 0 4 _aHISTORY
650 0 4 _aGREAT BRITAIN - COLONIES
650 0 4 _aIMPERIALISM - GREAT BRITAIN
942 _2ddc
_cBK
999 _c13936
_d13936